<?xml version="1.0" encoding="UTF-8"?>
<collection xmlns="http://www.loc.gov/MARC21/slim">
 <record>
  <leader>00921aam a22002298a 4500</leader>
  <controlfield tag="001">00028447</controlfield>
  <controlfield tag="005">20171026081023.0</controlfield>
  <controlfield tag="008">120328s2003                  ||||||viesd</controlfield>
  <datafield tag="041" ind1="0" ind2="#">
   <subfield code="a">vie</subfield>
  </datafield>
  <datafield tag="082" ind1="1" ind2="4">
   <subfield code="a">370.11</subfield>
   <subfield code="b">L411B</subfield>
  </datafield>
  <datafield tag="110" ind1="2" ind2="#">
   <subfield code="a">Trung tâm nghiên cưu- Tư vấn CTXH&amp;PTCĐ</subfield>
  </datafield>
  <datafield tag="245" ind1="1" ind2="0">
   <subfield code="a">Loạt bài bán lúa non, các vấn đề giáo dục, giáo dục nhân cách</subfield>
  </datafield>
  <datafield tag="260" ind1="#" ind2="#">
   <subfield code="c">2003</subfield>
   <subfield code="a">Tp. Hồ Chí Minh</subfield>
   <subfield code="b">[Nxb. Tp. Hồ Chí Minh]</subfield>
  </datafield>
  <datafield tag="300" ind1="#" ind2="#">
   <subfield code="a">[150]</subfield>
   <subfield code="b">minh họa</subfield>
   <subfield code="c">29cm.</subfield>
  </datafield>
  <datafield tag="650" ind1="#" ind2="4">
   <subfield code="a">Giáo dục</subfield>
  </datafield>
  <datafield tag="653" ind1="#" ind2="#">
   <subfield code="a">Giáo dục nhân cách</subfield>
  </datafield>
  <datafield tag="653" ind1="#" ind2="#">
   <subfield code="a">Nhân cách</subfield>
  </datafield>
  <datafield tag="852" ind1="#" ind2="#">
   <subfield code="b">Kho mượn</subfield>
   <subfield code="j">KM.0013132, KM.0013128, KM.0013129, KM.0013130, KM.0013131</subfield>
  </datafield>
  <datafield tag="852" ind1="#" ind2="#">
   <subfield code="b">Kho đọc</subfield>
   <subfield code="j">KD.0013289</subfield>
  </datafield>
  <datafield tag="852" ind1="#" ind2="#">
   <subfield code="j">KM.0013132</subfield>
   <subfield code="j">KM.0013128</subfield>
   <subfield code="j">KM.0013129</subfield>
   <subfield code="j">KM.0013131</subfield>
   <subfield code="j">KD.0013289</subfield>
   <subfield code="j">KM.0013130</subfield>
  </datafield>
  <datafield tag="910" ind1=" " ind2=" ">
   <subfield code="d">28/03/2012</subfield>
  </datafield>
  <datafield tag="980" ind1="#" ind2="#">
   <subfield code="a">Trung tâm Học liệu Lê Vũ Hùng, Trường Đại học Đồng Tháp</subfield>
  </datafield>
 </record>
</collection>
